000 00492nam a2200169Ia 4500
999 _c36660
_d36660
003 OSt
005 20210125155601.0
008 190216s9999||||xx |||||||||||||| ||und||
020 _a97888176840119
040 _coclc
082 _a510
_bHAN/U
100 _aHanda, Deepak
_98436
245 0 _aUGC- CSIR NET Mathematical Sciences Vol 1 /
_c Deepak Handa
260 _bSatya Prakashan,
_c2002.
_aNew Delhi:
300 _a424p
942 _cREF
_2ddc
_h510
_iHAN/U
_k510
_mHAN/U